|
|
|
|
| LEADER |
01592nam a22004335i 4500 |
| 001 |
978-93-86279-37-8 |
| 003 |
DE-He213 |
| 005 |
20170720090446.0 |
| 007 |
cr nn 008mamaa |
| 008 |
170720s2008 xx | s |||| 0|eng d |
| 020 |
|
|
|a 9789386279378
|9 978-93-86279-37-8
|
| 024 |
7 |
|
|a 10.1007/978-93-86279-37-8
|2 doi
|
| 040 |
|
|
|d GrThAP
|
| 050 |
|
4 |
|a QA1-939
|
| 072 |
|
7 |
|a PB
|2 bicssc
|
| 072 |
|
7 |
|a MAT000000
|2 bisacsh
|
| 082 |
0 |
4 |
|a 510
|2 23
|
| 100 |
1 |
|
|a Sarma, K. V.
|e author.
|
| 245 |
1 |
0 |
|a Gaṇita-Yukti-Bhāṣā (Rationales in Mathematical Astronomy) of Jyeṣṭhadeva
|h [electronic resource] :
|b Volume II - Astronomy /
|c by K. V. Sarma, K. Ramasubramanian, M. D. Srinivas, M. S. Sriram.
|
| 264 |
|
1 |
|a Gurgaon :
|b Hindustan Book Agency :
|b Imprint: Hindustan Book Agency,
|c 2008.
|
| 300 |
|
|
|a 1128 p.
|b online resource.
|
| 336 |
|
|
|a text
|b txt
|2 rdacontent
|
| 337 |
|
|
|a computer
|b c
|2 rdamedia
|
| 338 |
|
|
|a online resource
|b cr
|2 rdacarrier
|
| 347 |
|
|
|a text file
|b PDF
|2 rda
|
| 490 |
1 |
|
|a Culture and History of Mathematics ;
|v 4
|
| 650 |
|
0 |
|a Mathematics.
|
| 650 |
1 |
4 |
|a Mathematics.
|
| 650 |
2 |
4 |
|a Mathematics, general.
|
| 700 |
1 |
|
|a Ramasubramanian, K.
|e author.
|
| 700 |
1 |
|
|a Srinivas, M. D.
|e author.
|
| 700 |
1 |
|
|a Sriram, M. S.
|e author.
|
| 710 |
2 |
|
|a SpringerLink (Online service)
|
| 773 |
0 |
|
|t Springer eBooks
|
| 776 |
0 |
8 |
|i Printed edition:
|z 9788185931821
|
| 830 |
|
0 |
|a Culture and History of Mathematics ;
|v 4
|
| 856 |
4 |
0 |
|u http://dx.doi.org/10.1007/978-93-86279-37-8
|z Full Text via HEAL-Link
|
| 912 |
|
|
|a ZDB-2-SMA
|
| 950 |
|
|
|a Mathematics and Statistics (Springer-11649)
|